| 000 | 00827 a2200217 4500 | ||
|---|---|---|---|
| 010 | _aENG-88203 | ||
| 020 |
_a8180694372 _c350.00 |
||
| 035 | _aEN-71736 | ||
| 037 | _bDBAD / PUB | ||
| 082 | 1 | 4 | _a307.14120954 |
| 090 |
_c7981 _d7981 |
||
| 100 | 1 | _aMarla, Irmel | |
| 245 | 1 |
_aOperationalising holistic human development : _b(food for thought and ideas for action in the rural context)/ _cby Marla, Irmel [and] Kamal Taori |
|
| 260 |
_aNew Delhi _bConcept Publishing Co. _c2007 |
||
| 270 |
_aA/15-16, commercial Block, Mohan Garden, New Delhi _e110 059 |
||
| 300 |
_axii, 162 p. _c22cm (Hb) |
||
| 500 | _aIncludes bibliographical references and index | ||
| 700 | 1 | _aTaori, Kamal | |
| 942 |
_adpl _cEN _k307.14120954 / MAR |
||
| 999 |
_c7838 _d7838 |
||